[Event "52nd Groningen Open"]
[Site "Groningen NED"]
[Date "2014.12.22"]
[Round "2.37"]
[White "Warmerdam, Max"]
[Black "Minko, Vladimir"]
[Result "1-0"]
[BlackTitle "FM"]
[WhiteElo "2123"]
[BlackElo "2215"]
[WhiteFideId "1048104"]
[BlackFideId "24146706"]
[EventDate "2014.12.21"]

1. e4 c5 2. Nf3 Nc6 3. d4 cxd4 4. Nxd4 Qb6 5. Nb3 Nf6 6. Nc3 e6 7. Bd3 Bb4 8.
O-O a6 9. Be3 Qc7 10. f4 h5 11. h3 d5 12. e5 Nd7 13. Ne2 g5 14. fxg5 Ndxe5 15.
Nf4 Nxd3 16. cxd3 Qe5 17. Qf3 Bd7 18. Bb6 Bd6 19. Nxh5 Qh2+ 20. Kf2 Ne5 21. Nf6+
Ke7 22. Qe3 Bb5 23. Rad1 Rh4 24. Bc5 Rd8 25. Rd2 d4 26. Nxd4 Qf4+ 27. Nf3 Nxd3+
28. Rxd3 Bxd3 29. Nd5+ Ke8 30. Nxf4 Bxf4 31. Qe1 Rh7 32. g6 Rg7 33. Qc3 Rxg6 34.
Qh8+ Kd7 35. Qd4+ 1-0

[Event "52nd Groningen Open"]
[Site "Groningen NED"]
[Date "2014.12.22"]
[Round "2.38"]
[White "Rubingh, Otto"]
[Black "Keetman, Maaike"]
[Result "1-0"]
[WhiteTitle "FM"]
[WhiteElo "2209"]
[BlackElo "2074"]
[WhiteFideId "1002139"]
[BlackFideId "1033697"]
[EventDate "2014.12.21"]

1. d4 d5 2. c4 c6 3. Nf3 Nf6 4. Nc3 dxc4 5. a4 Bf5 6. Ne5 Nbd7 7. Nxc4 Nb6 8.
Ne5 a5 9. f3 Nfd7 10. Nxd7 Nxd7 11. e4 Bg6 12. Be3 e5 13. dxe5 Nxe5 14. Qc2 Bb4
15. Be2 f6 16. O-O O-O 17. Na2 Bd6 18. Rfd1 Qe7 19. Rd2 f5 20. f4 Ng4 21. Bxg4
fxg4 22. Rxd6 Qxd6 23. f5 Bf7 24. Bc5 Qe5 25. Bxf8 Rxf8 26. Nc3 g6 27. Qd2 gxf5
28. exf5 Qxf5 29. Rf1 Qxf1+ 1-0

[Event "52nd Groningen Open"]
[Site "Groningen NED"]
[Date "2014.12.22"]
[Round "2.39"]
[White "Fluit, Johnny"]
[Black "Vogel, Jaap"]
[Result "1/2-1/2"]
[BlackTitle "FM"]
[WhiteElo "2081"]
[BlackElo "2195"]
[WhiteFideId "1016253"]
[BlackFideId "1000764"]
[EventDate "2014.12.21"]

1. d4 e6 2. Nf3 d5 3. c4 c6 4. g3 Bd6 5. Bg2 f5 6. O-O Nf6 7. Nc3 O-O 8. Qc2 Ne4
9. Rb1 a5 10. a3 Nxc3 11. Qxc3 b5 12. c5 Bc7 13. Bf4 Bxf4 14. gxf4 Nd7 15. Kh1
Qc7 16. e3 Nf6 17. Ne5 Bd7 1/2-1/2

[Event "52nd Groningen Open"]
[Site "Groningen NED"]
[Date "2014.12.22"]
[Round "2.40"]
[White "Gerlagh, Joris"]
[Black "Sandvik, Thomas"]
[Result "1/2-1/2"]
[WhiteElo "2193"]
[BlackElo "2060"]
[WhiteFideId "1038834"]
[BlackFideId "503231"]
[EventDate "2014.12.21"]

1. d4 Nf6 2. c4 e5 3. dxe5 Ne4 4. a3 d6 5. exd6 Bxd6 6. Nd2 Bf5 7. Nxe4 Bxe4 8.
Nf3 Nc6 9. g3 Qe7 10. Bg2 O-O-O 11. Bd2 Ne5 12. O-O Nxc4 13. Bg5 f6 14. Qa4 Bd5
15. Qxa7 fxg5 16. e4 Be6 17. Rfd1 c6 18. Nd4 Bc5 19. Qa8+ Kc7 20. Nxe6+ Qxe6 21.
Qa4 Rxd1+ 22. Rxd1 Rf8 23. Rf1 h6 24. Qc2 Rxf2 25. Rxf2 Qf7 26. b3 Qxf2+ 27.
Qxf2 Bxf2+ 28. Kxf2 Nxa3 29. Bf1 Kd6 30. Bd3 Kc5 31. Kf3 Kd4 32. Ke2 g4 33. Kd2
b5 34. Be2 h5 35. Bd3 c5 36. e5 Kxe5 37. Bg6 c4 38. Kc3 Kf6 39. Bxh5 Kg5 40. Bf7
cxb3 41. Kxb3 b4 42. Kxb4 Nc2+ 43. Kc3 Ne3 44. Kd3 Nf1 45. Ke2 Nxh2 46. Bd5 Kf5
47. Kf2 Ke5 48. Ba8 1/2-1/2

[Event "52nd Groningen Open"]
[Site "Groningen NED"]
[Date "2014.12.22"]
[Round "2.41"]
[White "Gutkind, Kedem"]
[Black "Hulshof, Peter"]
[Result "0-1"]
[WhiteElo "2064"]
[BlackElo "2178"]
[WhiteFideId "1046519"]
[BlackFideId "1003291"]
[EventDate "2014.12.21"]

1. e4 g6 2. d4 Bg7 3. Nc3 d6 4. g3 c6 5. Bg2 Nf6 6. Nge2 O-O 7. O-O e5 8. a4 Na6
9. h3 Nb4 10. Be3 b6 11. Na2 Nxa2 12. Rxa2 c5 13. dxe5 dxe5 14. Nc3 Bb7 15. a5
Qe7 16. Qe2 Rfd8 17. Rfa1 Bc6 18. Nd5 Bxd5 19. exd5 Rab8 20. axb6 axb6 21. Ra7
Qd6 22. c4 Nd7 23. h4 f5 24. Bg5 Re8 25. Qc2 e4 26. Qb3 Bd4 27. Bf4 Ne5 28. Qb5
Rbd8 29. R1a6 Bxf2+ 30. Kxf2 Nd3+ 31. Kg1 Nxf4 32. gxf4 Qxf4 33. Qb3 e3 34. Qc3
Qf2+ 35. Kh1 Qxh4+ 36. Kg1 Qd4 37. Qxd4 cxd4 38. Kf1 d3 39. Ke1 e2 40. Ra1 Re3
41. Kd2 Rg3 42. Re7 Rxg2 43. Raa7 e1=Q+ 44. Kxe1 Re2+ 45. Rxe2 dxe2 46. Kxe2 g5
47. Rb7 h5 48. Rxb6 Kf7 49. d6 Ke6 50. c5 h4 51. Rb7 h3 52. Rh7 g4 53. b4 Kd5
54. Rh5 Ke4 55. Rh6 f4 56. c6 f3+ 57. Kf2 h2 58. c7 Ra8 59. Rxh2 Kf4 60. Rh7 g3+
61. Ke1 f2+ 62. Kd2 g2 63. Rf7+ Ke4 64. d7 g1=Q 65. Re7+ Kf4 66. Rf7+ Ke5 67.
Re7+ Kf6 68. d8=Q Ra2+ 69. Kd3 Qd1+ 70. Kc4 Rc2+ 71. Kb5 f1=Q+ 72. Re2+ Kf5 73.
Qf8+ Kg5 74. Qe7+ Kg4 75. Qe4+ Kg5 76. Qe3+ Kf5 77. Qe5+ Kg6 78. Qe6+ Kg7 79.
Qe7+ Kg6 80. Qe6+ Kg5 81. Qe5+ Qf5 82. Rg2+ Rxg2 83. Qxf5+ Kxf5 84. c8=Q+ Kf4
85. Qc4+ Kg3 86. Qc3+ Kh2 87. Qc7+ Rg3 88. Kb6 Qd4+ 89. Ka5 Kg2 90. Qc2+ Kf3 91.
Qf5+ Ke2 92. Qc2+ Ke3 93. Qc1+ Ke4 94. Qh1+ Kf4 95. Qc1+ Ke5 96. Qc7+ Qd6 97.
Qc1 Rd3 98. Qe1+ Kf6 99. Qh4+ Ke6 100. Qg4+ Ke7 101. Qg7+ Kd8 102. Qg5+ Kc8 103.
Qf5+ Kb7 104. Qb5+ Ka7 0-1

[Event "52nd Groningen Open"]
[Site "Groningen NED"]
[Date "2014.12.22"]
[Round "2.42"]
[White "Vos, Tjark"]
[Black "Bhattacharjee, Sourav"]
[Result "1-0"]
[WhiteElo "2173"]
[BlackElo "2029"]
[WhiteFideId "1020870"]
[BlackFideId "1048090"]
[EventDate "2014.12.21"]

1. e4 e5 2. Nf3 Nc6 3. Bb5 a6 4. Ba4 Nf6 5. O-O Be7 6. Re1 b5 7. Bb3 O-O 8. c3
d6 9. h3 Bb7 10. d4 Re8 11. Nbd2 Bf8 12. d5 Na5 13. Bc2 c6 14. b4 Nc4 15. Nxc4
bxc4 16. Ba4 Qc7 17. Bg5 Nd7 18. dxc6 Bxc6 19. Bxc6 Qxc6 20. Nd2 h6 21. Bh4 Be7
22. Bxe7 Rxe7 23. Nf1 Nf6 24. Ne3 g6 25. Qf3 Kg7 26. Rad1 Rb7 27. Nd5 Nxd5 28.
Rxd5 Rb5 29. Red1 Rd8 30. R1d2 Rxd5 31. Rxd5 Rb8 32. Qd1 Rd8 33. f3 f5 34. exf5
gxf5 35. f4 Qb6+ 36. Kh2 Re8 37. Rxd6 Qe3 38. Qh5 Qxf4+ 39. Kg1 Qc1+ 40. Rd1
Qe3+ 41. Kh1 Re7 42. Qxf5 Rf7 43. Qg4+ Qg5 44. Qxc4 Qf6 45. Qe2 Rc7 46. c4 Qf4
47. c5 Kh7 48. a3 a5 49. Qc2+ Kg7 50. b5 1-0

[Event "52nd Groningen Open"]
[Site "Groningen NED"]
[Date "2014.12.22"]
[Round "2.43"]
[White "Gieben, Stijn"]
[Black "Heemskerk, Wim"]
[Result "1/2-1/2"]
[BlackTitle "FM"]
[WhiteElo "2062"]
[BlackElo "2169"]
[WhiteFideId "1034170"]
[BlackFideId "1001000"]
[EventDate "2014.12.21"]

1. e4 e6 2. d4 d5 3. Nd2 a6 4. Ngf3 Nf6 5. e5 Nfd7 6. c4 c5 7. cxd5 exd5 8. dxc5
Nxc5 9. Nd4 Nc6 10. N2f3 Ne6 11. Nxe6 Bxe6 12. Bd3 Bb4+ 13. Bd2 Qa5 14. a3 Bxd2+
15. Qxd2 Qxd2+ 16. Kxd2 Bg4 17. Nh4 O-O 18. h3 Bd7 19. Rhe1 Rae8 20. f4 g5 21.
fxg5 Nxe5 22. Nf3 f6 23. gxf6 Nxf3+ 24. gxf3 Rxf6 25. Rxe8+ Bxe8 26. Ke3 d4+ 27.
Kxd4 Rxf3 28. Rg1+ Kf8 29. Rf1 Rxf1 30. Bxf1 Bc6 31. Ke5 Ke7 32. Bd3 h6 33. h4
Bd7 34. Bf5 Bc6 35. Be6 b6 36. Bd5 Bd7 37. Be4 Be6 38. Bb7 a5 39. Be4 Bg8 40.
Bd5 Bh7 41. Bc4 Bg6 42. Kd5 Bf7+ 43. Kd4 Be8 44. Ke5 Bg6 45. b3 Bh5 46. Kf5 Be8
47. a4 Bh5 48. Ke5 Bd1 49. Bd5 Bc2 50. Be6 1/2-1/2

[Event "52nd Groningen Open"]
[Site "Groningen NED"]
[Date "2014.12.22"]
[Round "2.44"]
[White "Dehn, Marcus"]
[Black "Jarmany, John"]
[Result "0-1"]
[WhiteElo "2169"]
[BlackElo "2023"]
[WhiteFideId "4667093"]
[BlackFideId "415421"]
[EventDate "2014.12.21"]

1. d4 d5 2. Nc3 Nf6 3. Bg5 Bf5 4. f3 Nbd7 5. Nxd5 Nxd5 6. e4 h6 7. Bc1 Be6 8.
exd5 Bxd5 9. c4 Be6 10. d5 Bf5 11. Bd3 e6 12. Bxf5 exf5 13. Qe2+ Be7 14. Be3 O-O
15. O-O-O Re8 16. Qd2 a5 17. Ne2 Bb4 18. Nc3 Ne5 19. b3 a4 20. Bd4 axb3 21. axb3
Qd6 22. Qc2 Nd7 23. Nb5 Qf4+ 24. Kb2 Re7 25. Bc3 Bxc3+ 26. Nxc3 Rae8 27. Qd2 Qd6
28. g3 Nc5 29. Qc2 Qf6 30. Rd2 Re3 31. Rf1 Ra8 32. Rc1 Rxf3 33. Qd1 Re3 34. Rd4
Qa6 35. Rb1 Qa3+ 36. Kc2 Qb4 37. Qd2 Rf3 38. Rb2 Ra1 39. Nb5 Qxd2+ 40. Rxd2 Ne4
41. Re2 c6 42. Rxe4 fxe4 43. dxc6 bxc6 44. Nd4 Rf2+ 45. Kc3 Rc1+ 46. Rc2 Rfxc2+
47. Nxc2 f5 48. b4 Kf7 49. Kb2 Rxc2+ 50. Kxc2 Ke6 51. h4 g5 52. h5 f4 53. g4 Ke5
54. Kc3 f3 0-1

[Event "52nd Groningen Open"]
[Site "Groningen NED"]
[Date "2014.12.22"]
[Round "2.45"]
[White "Hummel, Paul"]
[Black "Chen, Yibo"]
[Result "1-0"]
[WhiteElo "2049"]
[BlackElo "2156"]
[WhiteFideId "1021168"]
[BlackFideId "8605815"]
[EventDate "2014.12.21"]

1. e4 c5 2. Nf3 d6 3. d4 cxd4 4. Nxd4 Nf6 5. f3 a6 6. c4 Nc6 7. Be3 e6 8. Nc3
Be7 9. Be2 Qc7 10. O-O O-O 11. Rc1 Nxd4 12. Bxd4 Nd7 13. Qd2 b6 14. b4 Bb7 15.
Bd1 Rac8 16. Bb3 h6 17. Be3 Bc6 18. Nd5 Qd8 19. Nxe7+ Qxe7 20. Rfd1 Rfd8 21.
Qxd6 Qf6 22. Bd4 Qg5 23. Qg3 Qxg3 24. hxg3 a5 25. a3 Ra8 26. Ra1 Kf8 27. Kf2
Rdc8 28. b5 1-0

[Event "52nd Groningen Open"]
[Site "Groningen NED"]
[Date "2014.12.22"]
[Round "2.46"]
[White "Veltman, Anne"]
[Black "Gelip, Ioana"]
[Result "1-0"]
[WhiteElo "2012"]
[BlackElo "2151"]
[WhiteFideId "1026917"]
[BlackFideId "1202260"]
[EventDate "2014.12.21"]

1. e4 c5 2. Nf3 d6 3. d4 cxd4 4. Nxd4 Nf6 5. Nc3 a6 6. Bg5 e6 7. f4 Be7 8. Qf3
Qc7 9. O-O-O Nbd7 10. g4 b5 11. Bxf6 Nxf6 12. g5 Nd7 13. Bh3 b4 14. Nce2 Nc5 15.
Kb1 Bb7 16. Ng3 O-O-O 17. f5 Bxg5 18. fxe6 fxe6 19. Nxe6 Nxe6 20. Bxe6+ Kb8 21.
Bd5 Rhf8 22. Qb3 Rf2 23. Rhf1 Rxh2 24. Bxb7 Qxb7 25. Rf7 Qb6 26. e5 dxe5 27.
Rxd8+ Bxd8 28. a3 bxa3 29. Qxa3 Rd2 30. Qf3 Bf6 31. Ne4 Rd5 32. c4 Qg1+ 33. Kc2
Qg6 34. Rxf6 gxf6 35. cxd5 Kc7 36. d6+ Kd7 37. Qd3 Qg2+ 38. Kb3 Qg1 39. Qd5 Qb6+
40. Ka2 Qd4 41. Nc5+ 1-0

[Event "52nd Groningen Open"]
[Site "Groningen NED"]
[Date "2014.12.22"]
[Round "2.47"]
[White "Den Hartog, Marijn"]
[Black "Benson, Oisin P."]
[Result "1/2-1/2"]
[WhiteElo "2150"]
[BlackElo "2010"]
[WhiteFideId "1046098"]
[BlackFideId "2501821"]
[EventDate "2014.12.21"]

1. c4 Nf6 2. d4 g6 3. Nc3 Bg7 4. Bg5 h6 5. Bh4 d6 6. e3 O-O 7. Be2 c5 8. Nf3 b6
9. O-O Nbd7 10. h3 Bb7 11. d5 Ne5 12. Nh2 a6 13. f4 Ned7 14. e4 Qc7 15. Bg3 Nh7
16. Qd3 Rfe8 17. Rae1 e6 18. dxe6 Rxe6 19. Bg4 Re7 20. f5 Ne5 21. Bxe5 Bxe5 22.
Nd5 Bd4+ 23. Kh1 Bxd5 24. exd5 g5 25. Nf3 Rxe1 26. Rxe1 Bxb2 27. h4 Bf6 28. hxg5
hxg5 29. Nd2 Kg7 30. Ne4 Re8 31. Re3 Bd4 32. f6+ Nxf6 33. Nxf6 Rxe3 34. Qxe3
Bxf6 35. Qe8 Qe7 36. Qxe7 Bxe7 37. Bc8 a5 38. Bd7 Kf6 39. a4 Ke5 40. Kh2 f5 41.
Kg1 Ke4 42. Kf2 Bf6 43. g3 Kd3 44. Bb5 Bd4+ 45. Kf3 Kd2 46. g4 f4 47. Bd7 Bf6
48. Bc6 Kc3 49. Bb5 Kb3 50. Ke2 Kc3 51. Kf3 1/2-1/2

[Event "52nd Groningen Open"]
[Site "Groningen NED"]
[Date "2014.12.22"]
[Round "2.48"]
[White "Zuiderweg, Edwin"]
[Black "Burcu, Cagatay"]
[Result "0-1"]
[WhiteElo "2010"]
[BlackElo "2149"]
[WhiteFideId "1012207"]
[BlackFideId "6310630"]
[EventDate "2014.12.21"]

1. e4 d6 2. d4 Nf6 3. Nc3 g6 4. Nf3 Bg7 5. Be3 O-O 6. Qd2 Bg4 7. Be2 Re8 8. h3
Bxf3 9. Bxf3 Nc6 10. O-O e5 11. d5 Nd4 12. Bd1 b5 13. f3 b4 14. Bxd4 exd4 15.
Ne2 c5 16. dxc6 Qb6 17. Kh2 d5 18. e5 Rxe5 19. Qxd4 Qc7 20. Kg1 Nh5 21. Qxb4 Rb8
22. Qa3 Rxe2 23. Bxe2 Bd4+ 24. Rf2 Qg3 25. Rf1 Nf4 26. Kh1 Bxf2 0-1

[Event "52nd Groningen Open"]
[Site "Groningen NED"]
[Date "2014.12.22"]
[Round "2.49"]
[White "Bar, Aviv"]
[Black "Dirksen, Marieke"]
[Result "1-0"]
[WhiteElo "2142"]
[BlackElo "2002"]
[WhiteFideId "2806339"]
[BlackFideId "1032160"]
[EventDate "2014.12.21"]

1. e4 c5 2. Nf3 d6 3. d4 cxd4 4. Nxd4 Nf6 5. Nc3 a6 6. h3 e5 7. Nde2 Be6 8. g4
Nc6 9. Bg2 Qc7 10. Be3 Rd8 11. Nd5 Bxd5 12. exd5 Ne7 13. O-O Ng6 14. Qd3 Rc8 15.
Rfc1 Qc4 16. Qxc4 Rxc4 17. b3 Rc8 18. c4 h5 19. g5 Nd7 20. Be4 Nh4 21. Kh2 f5
22. Kg3 fxe4 23. Kxh4 Be7 24. Ng3 Kf7 25. Nxe4 Kg6 26. Kg3 Kf5 27. f3 h4+ 28.
Kf2 Nc5 29. Bxc5 dxc5 30. Rg1 Rcd8 31. Rad1 b6 32. Ke3 Rh5 33. d6 Bf8 34. Rd5
Ke6 35. Rgd1 a5 36. f4 exf4+ 37. Kxf4 g6 38. Re5+ Kf7 39. Kg4 Rh8 40. Rf1+ Kg7
41. Re6 Rg8 42. Kxh4 Rd7 43. Kg4 Kh8 44. Nf6 Rf7 45. Rd1 1-0

[Event "52nd Groningen Open"]
[Site "Groningen NED"]
[Date "2014.12.22"]
[Round "2.50"]
[White "Patzenhauer, Max"]
[Black "Edeling, Jeroen"]
[Result "0-1"]
[WhiteElo "2000"]
[BlackElo "2142"]
[WhiteFideId "24690554"]
[BlackFideId "1010514"]
[EventDate "2014.12.21"]

1. d4 Nf6 2. Nf3 c5 3. c3 b6 4. Bf4 d6 5. Nbd2 Bb7 6. e3 Nh5 7. Bg5 h6 8. Bh4 g5
9. Bg3 Bg7 10. Bd3 Nd7 11. Qe2 Qc7 12. a4 Nxg3 13. hxg3 d5 14. Nf1 Nf6 15. Ne5
Rc8 16. Bb5+ Kf8 17. Qf3 Rd8 18. Bd3 Bc8 19. g4 Kg8 20. Ng3 e6 21. a5 bxa5 22.
Rxa5 cxd4 23. exd4 Qxa5 24. Nh5 Rf8 25. Nxf6+ Bxf6 26. Qxf6 Qd8 27. Qf3 Kg7 28.
Qg3 Bd7 29. f4 Be8 30. Bc2 f6 31. Nd3 Qd6 32. Qe3 Bg6 33. g3 Be4 34. Rh2 Rfg8
35. Nc5 Bxc2 36. Rxc2 Kf7 37. Rd2 Re8 38. Qf3 Re7 39. Rh2 Kg7 40. Rf2 e5 41. f5
exd4+ 42. Ne6+ Kf7 43. Qh1 Rxe6+ 44. fxe6+ Qxe6+ 45. Re2 Qxg4 46. Qxd5+ Kg6 47.
Re7 Qxg3+ 48. Kd2 dxc3+ 49. bxc3 Rf8 50. Qb7 Rd8+ 51. Ke2 Qh2+ 52. Ke1 Qg1+ 53.
Ke2 Qd1+ 54. Ke3 Qe1+ 55. Kf3 Rd3+ 56. Kg2 Rg3+ 0-1

[Event "52nd Groningen Open"]
[Site "Groningen NED"]
[Date "2014.12.22"]
[Round "2.51"]
[White "Al-Hajiri, Bader"]
[Black "Nguyen, Kevin"]
[Result "1-0"]
[WhiteTitle "CM"]
[WhiteElo "2139"]
[BlackElo "1986"]
[WhiteFideId "10300163"]
[BlackFideId "1046349"]
[EventDate "2014.12.21"]

1. e4 c5 2. Nf3 d6 3. d4 cxd4 4. Qxd4 a6 5. c4 Nc6 6. Qd2 g6 7. Nc3 Bg7 8. b3
Nf6 9. Bb2 O-O 10. Be2 Be6 11. O-O Qa5 12. Rfd1 Rab8 13. a3 Rfd8 14. Rac1 b5 15.
b4 Qb6 16. cxb5 axb5 17. Bxb5 Nxe4 18. Nxe4 Qxb5 19. Bxg7 Kxg7 20. Qc3+ Ne5 21.
Nd4 Qb6 22. Nxe6+ fxe6 23. Ng5 Kf6 24. Nxh7+ Kg7 25. Ng5 Kf6 26. Qg3 Kf5 27. Nh7
Rh8 28. Qh3+ Ke4 29. Re1+ 1-0

[Event "52nd Groningen Open"]
[Site "Groningen NED"]
[Date "2014.12.22"]
[Round "2.52"]
[White "Hertel, Johannes"]
[Black "Ratsma, Midas"]
[Result "0-1"]
[WhiteElo "1984"]
[BlackElo "2137"]
[WhiteFideId "24694851"]
[BlackFideId "1032283"]
[EventDate "2014.12.21"]

1. d4 Nf6 2. c4 g6 3. g3 Bg7 4. Bg2 d5 5. Nf3 O-O 6. O-O c6 7. b3 Ne4 8. Bb2
dxc4 9. bxc4 Qb6 10. Qb3 Nc5 11. Qxb6 axb6 12. Nc3 Na4 13. Nxa4 Rxa4 14. Rfc1
Na6 15. Nd2 Rd8 16. e3 Nb4 17. Be4 e5 18. a3 exd4 19. axb4 Rxa1 20. Bxa1 dxe3
21. Nf1 e2 22. Ne3 Rd1+ 23. Rxd1 exd1=Q+ 24. Nxd1 Bxa1 25. Ne3 Be6 26. Kf1 Bd4
27. Bd3 Kg7 28. Ke2 Kf6 29. f4 Bc3 30. Nc2 Bg4+ 31. Ke3 Bd1 32. Be4 Bxc2 33.
Bxc2 Bxb4 34. g4 Be1 35. h3 Ke6 36. f5+ Ke5 37. Bd3 g5 38. Bf1 Bb4 39. Bg2 Bc5+
40. Kf3 Kd4 41. Bf1 Bd6 42. Be2 h6 43. Bf1 c5 44. Kf2 Bf4 45. Kf3 Bc1 46. Kf2
Bd2 47. Kf3 Be1 48. Ke2 Bg3 49. Kf3 Bh4 50. Be2 b5 51. cxb5 c4 52. Bf1 b6 53.
Ke2 Kc5 54. Kd2 Bg3 55. Ke3 Be5 56. Ke4 f6 57. Be2 Ba1 58. Bf1 Bb2 59. Be2 Be5
60. Bf1 Kb4 61. Ke3 Kxb5 62. Kd2 Kc5 0-1

[Event "52nd Groningen Open"]
[Site "Groningen NED"]
[Date "2014.12.22"]
[Round "2.53"]
[White "De Boer, Eelke"]
[Black "Theulings, Paul-Peter"]
[Result "0-1"]
[BlackTitle "CM"]
[WhiteElo "1933"]
[BlackElo "2132"]
[WhiteFideId "1048120"]
[BlackFideId "1002899"]
[EventDate "2014.12.21"]

1. e4 Nf6 2. e5 Nd5 3. d4 d6 4. c4 Nb6 5. exd6 exd6 6. Nc3 Be7 7. Bd3 Nc6 8.
Nge2 O-O 9. O-O Re8 10. Be3 Bg4 11. f3 Bh5 12. Rc1 Bg6 13. Bxg6 hxg6 14. b3 Bg5
15. Bxg5 Qxg5 16. f4 Qe7 17. d5 Nb4 18. Rf3 Nxa2 19. Nxa2 Qxe2 20. Qxe2 Rxe2 21.
Nc3 Re7 22. Kf2 a6 23. Na4 Nd7 24. c5 Nf6 25. cxd6 Ne4+ 26. Kf1 Nxd6 27. Rfc3
Nb5 28. Rc4 Rd8 29. Nc3 Nxc3 30. R1xc3 Rxd5 31. Rxc7 Rxc7 32. Rxc7 Rb5 33. Rc8+
Kh7 34. Rc3 Rf5 35. Rf3 g5 36. g3 gxf4 37. g4 Rf6 38. h4 g6 39. b4 Kg7 40. Kf2
Kf8 41. Rc3 f3 42. Rc8+ Kg7 43. Rc7 b5 44. Ra7 Rf4 45. Rxa6 Rxg4 46. Rb6 Rxb4
47. Kxf3 Rb1 48. Ke2 b4 49. Kd2 b3 50. Kc3 Rh1 51. Kb2 Rh3 52. Kb1 Rxh4 53. Rxb3
Rc4 0-1

[Event "52nd Groningen Open"]
[Site "Groningen NED"]
[Date "2014.12.22"]
[Round "2.54"]
[White "Lewin, Tammo"]
[Black "Lemstra, Bart"]
[Result "1/2-1/2"]
[WhiteElo "2131"]
[BlackElo "1956"]
[WhiteFideId "4668596"]
[BlackFideId "1034430"]
[EventDate "2014.12.21"]

1. d4 d5 2. c4 e6 3. Nc3 c5 4. e3 a6 5. Nf3 Nf6 6. Bd3 dxc4 7. Bxc4 b5 8. Be2
Bb7 9. O-O Nc6 10. dxc5 Bxc5 11. Qxd8+ Rxd8 12. a4 b4 13. Nb1 O-O 14. Nbd2 Na5
15. Ne5 Rc8 16. Nec4 Nxc4 17. Nxc4 Rfd8 18. Na5 Bd5 19. Bxa6 Ra8 20. Nb7 Be7 21.
Nxd8 Rxa6 22. Nxe6 fxe6 23. f3 Bb3 24. a5 Nd5 25. Bd2 Bc5 26. Rfc1 Bxe3+ 27.
Bxe3 Nxe3 28. Rc5 Kf7 29. Rb5 Nc2 30. Rc1 Kf6 31. Kf2 h6 32. Rc5 Ke7 33. R1xc2 1/2-1/2

[Event "52nd Groningen Open"]
[Site "Groningen NED"]
[Date "2014.12.22"]
[Round "2.55"]
[White "Acikel, Mert"]
[Black "Ratsma, Rosa"]
[Result "0-1"]
[WhiteElo "1917"]
[BlackElo "2165"]
[WhiteFideId "12956465"]
[BlackFideId "1033662"]
[EventDate "2014.12.21"]

1. e4 c5 2. Nf3 d6 3. d4 cxd4 4. Nxd4 Nf6 5. Nc3 a6 6. Be3 e6 7. f3 b5 8. Be2
Nbd7 9. Qd2 Bb7 10. O-O-O Rc8 11. g4 b4 12. Na4 Qa5 13. b3 Nc5 14. Nxc5 dxc5 15.
g5 Qxa2 16. Qd3 Qa1+ 17. Kd2 Qc3+ 18. Qxc3 bxc3+ 19. Kc1 cxd4 20. Bxd4 Nh5 21.
Be5 f6 22. gxf6 gxf6 23. Bd6 Bh6+ 24. Kb1 Bd2 25. Rhg1 Rd8 26. f4 Rxd6 27. Bxh5+
Kd8 28. e5 fxe5 29. fxe5 Rd7 30. Bg4 Bd5 31. Be2 a5 32. Rdf1 Kc7 33. Bb5 Re7 34.
Rg4 Rb8 35. Bc4 Rb4 36. Be2 Rxg4 37. Bxg4 Rg7 38. Bf3 Kc6 39. Bh5 Rg5 40. Be8+
Kc5 41. Rf7 Rg1+ 42. Ka2 Rc1 43. Rc7+ Kd4 0-1

[Event "52nd Groningen Open"]
[Site "Groningen NED"]
[Date "2014.12.23"]
[Round "3.1"]
[White "Svane, Rasmus"]
[Black "Tiviakov, Sergei"]
[Result "1/2-1/2"]
[WhiteTitle "IM"]
[BlackTitle "GM"]
[WhiteElo "2507"]
[BlackElo "2677"]
[WhiteFideId "4657101"]
[BlackFideId "1008013"]
[EventDate "2014.12.21"]

1. d4 Nf6 2. c4 e6 3. Nc3 Bb4 4. Qc2 O-O 5. Nf3 c5 6. dxc5 Na6 7. g3 Nxc5 8. Bg2
b6 9. O-O Bb7 10. Nb5 Be4 11. Qd1 Nb7 12. Bf4 Bc6 13. Nbd4 Be4 14. Nb5 Bc6 15.
Nbd4 Be4 1/2-1/2

[Event "52nd Groningen Open"]
[Site "Groningen NED"]
[Date "2014.12.23"]
[Round "3.2"]
[White "Azaladze, Shota"]
[Black "Ma, Qun"]
[Result "1/2-1/2"]
[WhiteTitle "IM"]
[BlackTitle "GM"]
[WhiteElo "2499"]
[BlackElo "2621"]
[WhiteFideId "13603027"]
[BlackFideId "8603154"]
[EventDate "2014.12.21"]

1. Nf3 d5 2. g3 Bg4 3. Bg2 c6 4. O-O Nd7 5. d3 Ngf6 6. Nbd2 e6 7. e4 Bd6 8. Qe2
Qc7 9. Re1 O-O 10. h3 Bxf3 11. Nxf3 e5 12. Nh4 g6 13. Nf3 Rfe8 14. c3 Bf8 15.
Qc2 Rad8 16. Be3 Bg7 17. Rad1 Nf8 18. Bc1 Ne6 19. a3 a5 20. b4 axb4 21. axb4 h6
22. Bb2 Kh7 23. c4 dxe4 24. dxe4 Nd7 25. c5 b6 26. cxb6 Qxb6 27. Qc4 c5 28. Bc3
cxb4 29. Qxb4 Qxb4 30. Bxb4 Ndc5 31. Rxd8 Rxd8 32. Bxc5 Nxc5 33. Bf1 Bf6 1/2-1/2

[Event "52nd Groningen Open"]
[Site "Groningen NED"]
[Date "2014.12.23"]
[Round "3.3"]
[White "Raznikov, Danny"]
[Black "Andriasian, Zaven"]
[Result "1/2-1/2"]
[WhiteTitle "IM"]
[BlackTitle "GM"]
[WhiteElo "2494"]
[BlackElo "2609"]
[WhiteFideId "2811154"]
[BlackFideId "13302000"]
[EventDate "2014.12.21"]

1. d4 Nf6 2. c4 c5 3. d5 e6 4. Nc3 exd5 5. cxd5 d6 6. Nf3 g6 7. Bf4 a6 8. a4 Bg7
9. h3 O-O 10. e3 Re8 11. Nd2 Nbd7 12. Be2 Ne5 13. O-O Nfd7 14. e4 g5 15. Be3 Nf8
16. Nf3 Nxf3+ 17. Bxf3 Ng6 18. Qd2 h6 19. Bh5 Qf6 20. Bxg6 Qxg6 21. f4 f5 22.
fxg5 hxg5 23. exf5 Bxf5 24. Bxg5 b5 25. axb5 axb5 26. Rxa8 Rxa8 27. Kh1 Re8 28.
Bf4 b4 29. Nd1 Be4 30. Ne3 Rf8 31. Kh2 Kh7 32. Rf2 Bd4 33. Bg3 Rxf2 34. Bxf2
Be5+ 35. Kg1 Bf4 36. Qe2 Bxe3 37. Bxe3 Bxd5 1/2-1/2

[Event "52nd Groningen Open"]
[Site "Groningen NED"]
[Date "2014.12.23"]
[Round "3.4"]
[White "Ipatov, Alexander"]
[Black "Biolek, Richard Jr."]
[Result "1/2-1/2"]
[WhiteTitle "GM"]
[BlackTitle "IM"]
[WhiteElo "2599"]
[BlackElo "2446"]
[WhiteFideId "14116731"]
[BlackFideId "319996"]
[EventDate "2014.12.21"]

1. c4 Nf6 2. g3 g6 3. Bg2 Bg7 4. Nc3 d6 5. d4 O-O 6. Nf3 Nbd7 7. O-O c6 8. e4 e5
9. h3 Qb6 10. Re1 exd4 11. Nxd4 Re8 12. Re2 Ng4 13. Rd2 Nge5 14. b3 Nc5 15. Rc2
f5 16. exf5 Ned3 17. Be3 Rxe3 18. fxe3 Bxf5 19. g4 Bd7 20. Na4 Nxa4 21. Qxd3 Re8
22. Rd1 Nc5 23. Qd2 a5 24. Rf1 Qd8 25. Rcc1 Qe7 26. Rce1 Ne4 27. Bxe4 Qxe4 28.
Nf3 c5 29. Qxd6 Bc6 30. Qf4 Qc2 31. Rf2 Qc3 32. e4 Rf8 33. Qg3 Bd4 34. Kg2 Bxf2
35. Kxf2 Qd4+ 36. Re3 Bxe4 37. Ke2 Bxf3+ 38. Rxf3 Qb2+ 39. Kd1 Qb1+ 40. Kd2
Qxa2+ 41. Kc1 Qa1+ 42. Kc2 Qa2+ 43. Kc1 Qa1+ 44. Kc2 Qa2+ 1/2-1/2